ბათუმის შოთა რუსთაველის სახელმწიფო უნივერსიტეტის ბიბლიოთეკა

Research Methods for Leisure, Recreation and Tourism (ბიბ.ჩანაწერი № 45266)

000 -LEADER
fixed length control field 00511nam a2200205Ia 4500
001 - CONTROL NUMBER
control field 12090
003 - CONTROL NUMBER IDENTIFIER
control field GE_BSU
008 - FIXED-LENGTH DATA ELEMENTS--GENERAL INFORMATION
fixed length control field 181216s||||||||xx |||||||||||||| ||und||
020 ## - INTERNATIONAL STANDARD BOOK NUMBER
International Standard Book Number 9781845937638
040 ## - CATALOGING SOURCE
Transcribing agency GE_BSU
080 ## - UNIVERSAL DECIMAL CLASSIFICATION NUMBER
Universal Decimal Classification number 790/07
245 ## - TITLE STATEMENT
Title Research Methods for Leisure, Recreation and Tourism
245 ## - TITLE STATEMENT
Statement of responsibility, etc. Ercan Sirakaya
260 ## - PUBLICATION, DISTRIBUTION, ETC.
Place of publication, distribution, etc. Cambridge
260 ## - PUBLICATION, DISTRIBUTION, ETC.
Date of publication, distribution, etc. 2011
300 ## - PHYSICAL DESCRIPTION
Extent 278p.ill.26cm.
653 ## - INDEX TERM--UNCONTROLLED
Uncontrolled term Research Methods for Leisure, Recreation and Tourism
942 ## - ADDED ENTRY ELEMENTS (KOHA)
Koha item type წიგნი

არაა ხელმისაწვდომი ეგზემპლარები.